Tube map by last word Quiz Stats

 Plays Quiz not verified by Sporcle

Challenge
Share
Tweet
Embed
Score 0/106 Timer 12:00
0 Plays Today
Last word First word(s) % Correct
ArchMarble
92%
ActonEast
90.8%
CircusOxford
90.4%
BridgeDeptford
89.3%
BroadwayEaling
88.7%
BarnetHigh
87.7%
4Heathrow Terminal
85.4%
5Heathrow Terminal
85.3%
BecTooting
84.9%
BushShepherd's
84.8%
HamEast
83.9%
123Heathrow Terminals
83.5%
CommonClapham
82.8%
KensingtonHigh Street
81.2%
Paul'sSt.
81%
CentralActon
80.6%
FinchleyEast
80.3%
CottageSwiss
80%
JunctionClapham
79.6%
BromptonWest
79.5%
SistersSeven
78.7%
CastleElephant &
78.5%
CrossBrent
77.6%
HampsteadSouth
77%
EalingNorth
76.9%
CornerHyde Park
76.6%
CourtBarons
76.2%
CroydonWest
76.1%
RuislipSouth
75.5%
GreenwichNorth
75.1%
GateLancaster
75%
HaleTottenham
74.9%
CrescentMornington
74.2%
HarrowNorth
74.2%
PancrasKings Cross St
73.9%
SquareEuston
73.8%
Last word First word(s) % Correct
OlympiaKensington
72.8%
TownActon
72.7%
AirportLondon City
72.5%
ParkBeckton
72.2%
HouseCustom
72.1%
OakBurnt
71.7%
GreenBethnal
71.5%
ArsenalWoolwich
71.1%
WharfCanary
70.8%
BoisTheydon
70.3%
SarkCutty
69.6%
PalaceCrystal
69.5%
PutneyEast
69.5%
AvenueWarwick
69.3%
StreetBaker
68.4%
IslingtonHighbury &
67%
FarmChalk
66.6%
EastAldgate
65.4%
WaterCanada
65.3%
HeathHampstead
65.2%
WimbledonSouth
64.9%
GroveArnos
64.2%
RoadAbbey
63.6%
HillBuckhurst
63.5%
LaneChancery
63.5%
SaintsAll
63.2%
CityWhite
63.1%
WealdstoneHarrow &
62.4%
IndiaEast
61.6%
WembleyNorth
61.5%
QuaysHeron
60.9%
GardensIsland
60.7%
AlbertRoyal
60.3%
EndHatch
59.9%
RyePeckham
59.6%
BrookStamford
56.3%
Last word First word(s) % Correct
KentonSouth
55.9%
WoodfordSouth
54.7%
NorthClapham
54%
InternationalStratford
53.9%
GatewayTower
52.8%
MarketShepherd's Bush
51.8%
ChurchBow
51.5%
RoyalPark
51.3%
LatimerChalfont &
51.1%
ManorBoston
50.9%
TottenhamSouth
50.6%
WoodColliers
49.6%
WickHackney
49.2%
GardenCovent
49%
HeathwayDagenham
48.7%
SouthClapham
47.4%
KingslandDalston
47%
RegentPrince
45.5%
ValeMaida
44.3%
FrognalFinchley Road &
44%
WhetstoneTotteridge &
43.8%
VKing George
43.7%
QuaySouth
41.3%
ReachGallions
39.9%
SilvertownWest
39.3%
WestHounslow
37%
HillsNorthwood
35.3%
ValleyRoding
33.9%
VictoriaRoyal
33.9%
BarnsburyCaledonian Road &
33.7%
DockPontoon
31.8%
HollowayUpper
29.3%
PeckhamQueen's Road
27.3%
LanesHarringay Green
23.4%

You're not logged in!

Compare scores with friends on all Sporcle quizzes.
OR
Log In

You Might Also Like...

Show Comments

Extras

Top Quizzes Today


Score Distribution

Your Account Isn't Verified!

In order to create a playlist on Sporcle, you need to verify the email address you used during registration. Go to your Sporcle Settings to finish the process.

Report this User

Report this user for behavior that violates our Community Guidelines.

Details: